<?xml version="1.0" encoding="UTF-8"?>
<record
    xmlns:xsi="http://www.w3.org/2001/XMLSchema-instance"
    xsi:schemaLocation="http://www.loc.gov/MARC21/slim http://www.loc.gov/standards/marcxml/schema/MARC21slim.xsd"
    xmlns="http://www.loc.gov/MARC21/slim">

  <leader>00503nam a22001457a 4500</leader>
  <datafield tag="999" ind1=" " ind2=" ">
    <subfield code="c">30968</subfield>
    <subfield code="d">30968</subfield>
  </datafield>
  <controlfield tag="008">210309b           ||||| |||| 00| 0 eng d</controlfield>
  <datafield tag="020" ind1=" " ind2=" ">
    <subfield code="a">9780195734232</subfield>
  </datafield>
  <datafield tag="050" ind1=" " ind2=" ">
    <subfield code="a">PL 8701</subfield>
    <subfield code="b">.O34 2008</subfield>
  </datafield>
  <datafield tag="100" ind1=" " ind2=" ">
    <subfield code="a">Odeo,Ipara</subfield>
  </datafield>
  <datafield tag="245" ind1=" " ind2=" ">
    <subfield code="a">Fani ya Isimu Jamii/</subfield>
    <subfield code="b">kwa shule za sekondari.</subfield>
    <subfield code="c">Ipara Isaac Odeo &amp; Maina Geoffrey</subfield>
  </datafield>
  <datafield tag="260" ind1=" " ind2=" ">
    <subfield code="a">Nairobi; Kenya</subfield>
    <subfield code="b">Oxford University Press East Africa ltd.</subfield>
    <subfield code="c">2008.</subfield>
  </datafield>
  <datafield tag="300" ind1=" " ind2=" ">
    <subfield code="a">128p.;</subfield>
    <subfield code="c">21cm.</subfield>
  </datafield>
  <datafield tag="650" ind1=" " ind2=" ">
    <subfield code="a">Swahili language</subfield>
  </datafield>
  <datafield tag="942" ind1=" " ind2=" ">
    <subfield code="2">lcc</subfield>
    <subfield code="c">BOOKS</subfield>
    <subfield code="h">PL 8701 .034 2008</subfield>
  </datafield>
  <datafield tag="952" ind1=" " ind2=" ">
    <subfield code="0">0</subfield>
    <subfield code="1">0</subfield>
    <subfield code="2">lcc</subfield>
    <subfield code="4">0</subfield>
    <subfield code="7">0</subfield>
    <subfield code="a">MUC</subfield>
    <subfield code="b">MUC</subfield>
    <subfield code="c">AFR</subfield>
    <subfield code="d">2021-03-09</subfield>
    <subfield code="l">0</subfield>
    <subfield code="o">PL 8701 .O34 2008</subfield>
    <subfield code="p">23629</subfield>
    <subfield code="r">2023-12-14</subfield>
    <subfield code="v">600.00</subfield>
    <subfield code="w">2021-03-09</subfield>
    <subfield code="y">AFRICANA</subfield>
  </datafield>
  <datafield tag="952" ind1=" " ind2=" ">
    <subfield code="0">0</subfield>
    <subfield code="1">0</subfield>
    <subfield code="2">lcc</subfield>
    <subfield code="4">0</subfield>
    <subfield code="7">0</subfield>
    <subfield code="a">MUC</subfield>
    <subfield code="b">MUC</subfield>
    <subfield code="c">AFR</subfield>
    <subfield code="d">2021-03-09</subfield>
    <subfield code="l">2</subfield>
    <subfield code="o">PL 8701 .O34 2008</subfield>
    <subfield code="p">23630</subfield>
    <subfield code="r">2024-02-22</subfield>
    <subfield code="s">2024-02-22</subfield>
    <subfield code="v">600.00</subfield>
    <subfield code="w">2021-03-09</subfield>
    <subfield code="y">AFRICANA</subfield>
  </datafield>
  <datafield tag="952" ind1=" " ind2=" ">
    <subfield code="0">0</subfield>
    <subfield code="1">0</subfield>
    <subfield code="2">lcc</subfield>
    <subfield code="4">0</subfield>
    <subfield code="7">0</subfield>
    <subfield code="a">MUC</subfield>
    <subfield code="b">MUC</subfield>
    <subfield code="c">AFR</subfield>
    <subfield code="d">2021-03-09</subfield>
    <subfield code="l">4</subfield>
    <subfield code="o">PL 8701 .O34 2008</subfield>
    <subfield code="p">23631</subfield>
    <subfield code="r">2026-03-02</subfield>
    <subfield code="s">2026-03-02</subfield>
    <subfield code="v">600.00</subfield>
    <subfield code="w">2021-03-09</subfield>
    <subfield code="y">AFRICANA</subfield>
  </datafield>
</record>
